| 000 | 00540cam a22001337a 4500 | ||
|---|---|---|---|
| 008 | 180718b1996 xxu||||| |||| 00| 0 eng d | ||
| 082 | _aJ7x54 Ur1 | ||
| 245 |
_aUrban and regional planning and development in India _cby Town and Country Planning Organisation, Ministry of Urban Affairs and Employment |
||
| 260 |
_aNew Delhi _bThe author _c1996 |
||
| 300 | _a347+p. | ||
| 650 | _aRegional planning - India | ||
| 650 | _aCity planning - India | ||
| 700 | _aIndia. Ministry of Urban Affairs and Employment. Town and Country Planning Organisation | ||
| 999 |
_c486580 _d486580 |
||